Nezamestnanosť by sa mala pohybovať okolo 20 percent
Prognóza vývoja nezamestnanosti v Slovenskej republike na rok 2000. Podľa názorov slovenských analytikov sa miera nezamestnanosti bude pohybovať od 18 do 21 percent.
Saved in:
| Format: | Book Chapter |
|---|---|
| Language: | Slovak |
| Subjects: | |
| Tags: |
No Tags, Be the first to tag this record!
|
MARC
| LEADER | 00000naa a2200000 4500 | ||
|---|---|---|---|
| 001 | r037589 | ||
| 005 | 20230824104727.7 | ||
| 041 | 0 | |a slo | |
| 044 | |a SK | ||
| 245 | 1 | 0 | |a Nezamestnanosť by sa mala pohybovať okolo 20 percent |
| 520 | |a Prognóza vývoja nezamestnanosti v Slovenskej republike na rok 2000. Podľa názorov slovenských analytikov sa miera nezamestnanosti bude pohybovať od 18 do 21 percent. | ||
| 610 | 2 | 0 | |a nezamestnanosť |
| 610 | 2 | 0 | |a miera nezamestnanosti |
| 610 | 2 | 0 | |a prognózy |
| 610 | 2 | 0 | |a Slovensko |
| 610 | 2 | 0 | |a 2000 |